| 000 | 00665cam a2200205 4500 | ||
|---|---|---|---|
| 001 | D1151 | ||
| 008 | 090401t1980 xxu||||| |||| 00| 0 eng d | ||
| 035 | _a(Sirsi) u62709 | ||
| 041 | _aeng | ||
| 050 | _a692.30994 | ||
| 110 |
_aThe Australian Institute of Quantity Surveyors _92374 |
||
| 245 | _aAustralian standard method of measurement of building works, authorised by agreement between The Australian Institute of Quantity Surveyors and The Master Builders` Federation of Australia | ||
| 250 | _a4th | ||
| 260 |
_aCrows Nest _bAIQS _c1980 |
||
| 300 | _av. 99p. 30cm | ||
| 350 | _a0 | ||
| 520 | _aFiled at SMM 1980/IB | ||
| 942 | _n0 | ||
| 948 | _c04/03/1997 | ||
| 999 |
_c94470 _d94470 |
||